[Event "Titled Tuesday intern op 12th May"]
[Site "Chess.com INT"]
[Date "2020.05.12"]
[Round "1"]
[White "Bagirova, Khatun"]
[Black "Bharath, Subramaniyam H"]
[Result "0-1"]
[WhiteElo "1836"]
[BlackElo "2437"]
[PlyCount "70"]
[EventDate "2020.05.12"]
[EventType "swiss (blitz)"]
[EventRounds "10"]
[EventCountry "USA"]
[SourceTitle "EXT 2021"]
[Source "ChessBase"]
[SourceDate "2020.10.23"]
[SourceVersion "1"]
[SourceVersionDate "2020.10.23"]
[SourceQuality "1"]

1. d4 Nf6 2. Nf3 e6 3. Bf4 c5 4. e3 Nc6 5. c3 d5 6. Nbd2 Bd6 7. Bg3 0-0 8. Bd3 Qe7 9. 0-0 e5 10. dxe5 Nxe5 11. Nxe5 Bxe5 12. Qc2 Bxg3 13. hxg3 Be6 14. c4 Rad8 15. Rfd1 h6 16. cxd5 Nxd5 17. a3 Bg4 18. Nf3 Rd6 19. Bc4 Rfd8 20. Bxd5 Rxd5 21. Rxd5 Rxd5 22. Rd1 Rxd1+ 23. Qxd1 Be6 24. Qd2 b5 25. Qa5 Qd7 26. Qd2 Qc7 27. e4 a5 28. e5 b4 29. axb4 axb4 30. Qc2 c4 31. Kh2 c3 32. bxc3 Qxc3 33. Qxc3 bxc3 34. Ne1 Bf5 35. g4 c2 0-1

[Event "Titled Tuesday intern op 12th May"]
[Site "Chess.com INT"]
[Date "2020.05.12"]
[Round "9"]
[White "Bagirova, Khatun"]
[Black "Kaufman, Raymond"]
[Result "0-1"]
[WhiteElo "1836"]
[BlackElo "2255"]
[PlyCount "88"]
[EventDate "2020.05.12"]
[EventType "swiss (blitz)"]
[EventRounds "10"]
[EventCountry "USA"]
[SourceTitle "EXT 2021"]
[Source "ChessBase"]
[SourceDate "2020.10.23"]
[SourceVersion "1"]
[SourceVersionDate "2020.10.23"]
[SourceQuality "1"]

1. d4 Nf6 2. Nf3 e6 3. Bf4 b6 4. e3 Bb7 5. Bd3 c5 6. c3 Be7 7. Nbd2 cxd4 8. exd4 d6 9. 0-0 Nbd7 10. Qe2 0-0 11. h3 Re8 12. Rfe1 Bf8 13. Qf1 Qc7 14. Bh2 g6 15. Rad1 Rad8 16. Ne4 Nxe4 17. Bxe4 Nf6 18. Bxb7 Qxb7 19. Qe2 Bh6 20. Nd2 b5 21. Ne4 Nxe4 22. Qxe4 Qxe4 23. Rxe4 d5 24. Re2 Rc8 25. a3 a5 26. Bd6 Rc4 27. Bc5 Bf8 28. Bxf8 Kxf8 29. Re3 Rec8 30. Rdd3 b4 31. axb4 axb4 32. cxb4 Rxb4 33. b3 Rc2 34. f4 Rb2 35. g4 Rb8 36. Rc3 Ra8 37. Re1 Raa2 38. f5 Rg2+ 39. Kh1 gxf5 40. gxf5 exf5 41. Rc5 f4 42. Rxd5 Rh2+ 43. Kg1 Rag2+ 44. Kf1 f3 0-1

[Event "Titled Tuesday intern op 12th May"]
[Site "Chess.com INT"]
[Date "2020.05.12"]
[Round "7"]
[White "Marshall, James"]
[Black "Bagirova, Khatun"]
[Result "0-1"]
[WhiteElo "1972"]
[BlackElo "1836"]
[PlyCount "104"]
[EventDate "2020.05.12"]
[EventType "swiss (blitz)"]
[EventRounds "10"]
[EventCountry "USA"]
[SourceTitle "EXT 2021"]
[Source "ChessBase"]
[SourceDate "2020.10.23"]
[SourceVersion "1"]
[SourceVersionDate "2020.10.23"]
[SourceQuality "1"]

1. d4 d5 2. c4 e6 3. Nc3 a6 4. e4 dxe4 5. Nxe4 Bb4+ 6. Bd2 Qxd4 7. Bxb4 Qxe4+ 8. Be2 Qxg2 9. Bf3 Qg5 10. Nh3 Qe5+ 11. Kf1 Qxb2 12. Rb1 Qxa2 13. Bf8 Qxc4+ 14. Be2 Qh4 15. Bxg7 Qxh3+ 16. Ke1 Qg2 17. Bxh8 Qxh1+ 18. Bf1 Qe4+ 19. Be2 Nd7 20. Rb3 Ngf6 21. Rf3 Nd5 22. Qc1 b5 23. Qg5 Bb7 24. Qg8+ Nf8 25. Qxf7+ Kd8 26. Qxf8+ Kd7 27. Qf7+ Kc6 28. Bg7 Rd8 29. Kf1 Qb1+ 30. Kg2 Rd7 31. Qf8 Qg6+ 32. Rg3 Nf4+ 33. Kf3 Kb6+ 34. Kxf4 Qc2 35. Bf3 Qd2+ 36. Kg4 Qc2 37. Bxb7 Kxb7 38. Qf3+ Ka7 39. Be5 Qg6+ 40. Kh3 Qc2 41. Kg2 Rd1 42. Qe3+ Kb7 43. Rg7 Qc6+ 44. Qf3 Qxf3+ 45. Kxf3 Rc1 46. Rxh7 a5 47. h4 a4 48. h5 a3 49. Rxc7+ Rxc7 50. Bxc7 Kxc7 51. h6 a2 52. h7 a1Q 0-1

[Event "Titled Tuesday intern op 5th May"]
[Site "Chess.com INT"]
[Date "2020.05.05"]
[Round "7"]
[White "Bagirova, Khatun"]
[Black "Mahajan, Rushaan"]
[Result "1-0"]
[WhiteElo "1836"]
[BlackElo "2151"]
[PlyCount "113"]
[EventDate "2020.05.05"]
[EventType "swiss (blitz)"]
[EventRounds "10"]
[EventCountry "USA"]
[SourceTitle "EXT 2021"]
[Source "ChessBase"]
[SourceDate "2020.10.23"]
[SourceVersion "1"]
[SourceVersionDate "2020.10.23"]
[SourceQuality "1"]

1. d4 Nf6 2. Nf3 d5 3. Bf4 c5 4. e3 Nc6 5. c3 Qb6 6. Qb3 c4 7. Qxb6 axb6 8. Na3 Bf5 9. Nb5 Kd7 10. Be2 e6 11. h3 Be7 12. 0-0 Rhc8 13. a4 Ra5 14. Ra2 Rca8 15. Rfa1 Ne8 16. Bd1 Nd6 17. Bxd6 Bxd6 18. Nd2 Be7 19. f3 Bg6 20. Kf2 h5 21. g3 f6 22. e4 Bd6 23. Bc2 Bc7 24. Nf1 Ne7 25. Ne3 dxe4 26. fxe4 e5 27. Nxc4 R5a6 28. Rd1 exd4 29. Nxd4 Nc6 30. Nb5+ Kc8 31. Ncd6+ Bxd6 32. Nxd6+ Kc7 33. Nb5+ Kc8 34. Rd2 Ra5 35. Nd4 Re5 36. Ke3 Kc7 37. Ra1 Rae8 38. Nxc6 bxc6 39. Rd4 c5 40. Rc4 Bf7 41. b3 Bxc4 42. bxc4 f5 43. Kf4 fxe4 44. a5 e3 45. axb6+ Kxb6 46. Re1 e2 47. Kf3 Re3+ 48. Kf2 Rxc3 49. Bg6 Ree3 50. Bxh5 Ka5 51. Bxe2 Kb4 52. g4 Rxh3 53. Rb1+ Ka3 54. Rb5 Rh2+ 55. Ke1 Rc1+ 56. Kd2 Ra1 57. Kc3 1-0

[Event "Titled Tuesday intern op 5th May"]
[Site "Chess.com INT"]
[Date "2020.05.05"]
[Round "1"]
[White "Bagirova, Khatun"]
[Black "Mikhailov, Viacheslav"]
[Result "0-1"]
[WhiteElo "1836"]
[BlackElo "2428"]
[PlyCount "66"]
[EventDate "2020.05.05"]
[EventType "swiss (blitz)"]
[EventRounds "10"]
[EventCountry "USA"]
[SourceTitle "EXT 2021"]
[Source "ChessBase"]
[SourceDate "2020.10.23"]
[SourceVersion "1"]
[SourceVersionDate "2020.10.23"]
[SourceQuality "1"]

1. d4 Nf6 2. Nf3 g6 3. Bf4 Bg7 4. e3 0-0 5. Be2 d6 6. h3 c5 7. c3 Nc6 8. 0-0 Qb6 9. Qb3 Be6 10. Qxb6 axb6 11. a3 Rfc8 12. Nbd2 h6 13. Bh2 d5 14. Ne5 Nd7 15. Nd3 Bf5 16. Rfe1 g5 17. Rad1 c4 18. Nb4 Nxb4 19. cxb4 c3 20. bxc3 Rxc3 21. Rc1 Raxa3 22. b5 Rxc1 23. Rxc1 Ra2 24. Rd1 Nf6 25. Bf1 e6 26. Bc7 Bf8 27. Bxb6 Bc2 28. Rc1 Ba3 29. Re1 Bb4 30. Re2 Bd3 31. Bd8 Bxe2 32. Bxf6 Rxd2 33. Bxe2 Rxe2 0-1

[Event "Titled Tuesday intern op 28th Apr"]
[Site "Chess.com INT"]
[Date "2020.04.28"]
[Round "2"]
[White "Bagirova, Khatun"]
[Black "Nguyen, Hong Anh1"]
[Result "0-1"]
[WhiteElo "1836"]
[BlackElo "1970"]
[PlyCount "130"]
[EventDate "2020.04.28"]
[EventType "swiss (blitz)"]
[EventRounds "10"]
[EventCountry "USA"]
[SourceTitle "EXT 2021"]
[Source "ChessBase"]
[SourceDate "2020.10.23"]
[SourceVersion "1"]
[SourceVersionDate "2020.10.23"]
[SourceQuality "1"]

1. e4 c5 2. Nf3 Nc6 3. d4 cxd4 4. Nxd4 g6 5. Nxc6 bxc6 6. Nc3 Bg7 7. Bc4 Nf6 8. e5 Ng8 9. Qf3 e6 10. Bf4 Ne7 11. Ne4 0-0 12. Nf6+ Bxf6 13. exf6 Nf5 14. Bg5 h6 15. h4 Qa5+ 16. Kf1 Qb4 17. Bd3 Qxb2 18. Re1 Kh7 19. Bxf5 exf5 20. Bxh6 Ba6+ 21. Kg1 Qxf6 22. Bg5 Qd4 23. h5 Qg4 24. hxg6+ Kxg6 25. Qxg4 fxg4 26. Be7 Rh8 27. g3 Bc4 28. Rxh8 Rxh8 29. f4 gxf3 30. Kf2 Rh2+ 31. Kxf3 Rxc2 32. Rd1 Bd5+ 33. Kf4 Rxa2 34. Ke5 Re2+ 35. Kd6 Be6 36. Kc7 Re3 37. Bd6 a5 38. Ra1 c5 39. Rxa5 c4 40. Rc5 c3 41. Bf4 Rd3 42. Rg5+ Kf6 43. Rc5 Kg7 44. Rg5+ Kh7 45. Rc5 Bf5 46. Rxf5 Kg6 47. Rg5+ Kf6 48. Rc5 d5 49. Rc6+ Kf5 50. Rc5 Ke4 51. Kd6 d4 52. Ke7 f5 53. Kf7 Rf3 54. Kf6 Kd3 55. Kxf5 c2 56. g4 Rf1 57. g5 Rf2 58. g6 Rg2 59. Bg5 Rf2+ 60. Ke6 Re2+ 61. Kf7 Rg2 62. Kg8 Rxg5 63. Rxg5 c1Q 64. Rf5 Qc8+ 65. Kh7 Qxf5 0-1

[Event "Titled Tuesday intern op 28th Apr"]
[Site "Chess.com INT"]
[Date "2020.04.28"]
[Round "3"]
[White "Guimaraes, Diogo Duarte"]
[Black "Bagirova, Khatun"]
[Result "0-1"]
[WhiteElo "2242"]
[BlackElo "1836"]
[PlyCount "108"]
[EventDate "2020.04.28"]
[EventType "swiss (blitz)"]
[EventRounds "10"]
[EventCountry "USA"]
[SourceTitle "EXT 2021"]
[Source "ChessBase"]
[SourceDate "2020.10.23"]
[SourceVersion "1"]
[SourceVersionDate "2020.10.23"]
[SourceQuality "1"]

1. e4 c5 2. Nf3 d6 3. d4 cxd4 4. Nxd4 Nf6 5. Nc3 a6 6. g3 e6 7. Bg2 g6 8. 0-0 Bg7 9. a4 0-0 10. Be3 Qc7 11. Qd3 Nc6 12. Qc4 Ng4 13. Nxc6 Nxe3 14. fxe3 bxc6 15. Ra3 Qb6 16. Qd3 d5 17. a5 Qc5 18. exd5 cxd5 19. Kh1 Bd7 20. e4 d4 21. Ne2 Bb5 22. Qd2 Rac8 23. Rc1 h5 24. c4 Bxc4 25. Ra4 Qb5 26. Rb4 Qxa5 27. Nf4 Bb5 28. Rd1 Kh7 29. Rxd4 Qxd2 30. R4xd2 a5 31. Ra1 a4 32. h4 Rfd8 33. Rad1 Rxd2 34. Rxd2 Rc1+ 35. Kh2 Rb1 36. Nd3 Bxd3 37. Rxd3 Rxb2 38. Kh3 Ra2 39. Rd7 Kg8 40. Rd8+ Kh7 41. Rd7 f5 42. exf5 exf5 43. Bd5 Ra3 44. Ra7 Ra1 45. Bf7 a3 46. Ra6 g5 47. Bg6+ Kg8 48. hxg5 a2 49. Ra8+ Bf8 50. Kg2 Kg7 51. Bxf5 Bc5 52. Be6 Rg1+ 53. Kh2 a1Q 54. Rxa1 Rxa1 0-1

[Event "Titled Tuesday intern op 28th Apr"]
[Site "Chess.com INT"]
[Date "2020.04.28"]
[Round "8"]
[White "Tagelsir, Abubaker"]
[Black "Bagirova, Khatun"]
[Result "1-0"]
[WhiteElo "2219"]
[BlackElo "1836"]
[PlyCount "87"]
[EventDate "2020.04.28"]
[EventType "swiss (blitz)"]
[EventRounds "10"]
[EventCountry "USA"]
[SourceTitle "EXT 2021"]
[Source "ChessBase"]
[SourceDate "2020.10.23"]
[SourceVersion "1"]
[SourceVersionDate "2020.10.23"]
[SourceQuality "1"]

1. e4 c5 2. Nc3 Nc6 3. f4 g6 4. Nf3 Bg7 5. Bb5 d6 6. 0-0 e6 7. Bxc6+ bxc6 8. d3 Ne7 9. Qe1 0-0 10. e5 Nf5 11. Ne4 dxe5 12. fxe5 Nd4 13. Nf6+ Bxf6 14. exf6 Qxf6 15. Nxd4 Qxd4+ 16. Be3 Qxb2 17. Qf2 f5 18. Bxc5 Rf7 19. Bd4 Qb5 20. c4 Qb8 21. Rae1 Qd6 22. Qe3 a5 23. Be5 Qa3 24. Ba1 Qd6 25. Be5 Qc7 26. Bxc7 Rxc7 27. Qe5 Rf7 28. Qd6 a4 29. Qxc6 Bb7 30. Qxe6 Rd8 31. Re3 f4 32. Rh3 Bc8 33. Qb6 Re8 34. Rhf3 Ref8 35. d4 Bg4 36. R3f2 Rf6 37. Qc7 g5 38. Qe5 Rf5 39. Qe6+ Kh8 40. h4 gxh4 41. Qh6 h3 42. Rxf4 h2+ 43. Kxh2 Rh5+ 44. Qxh5 1-0